Quiz o Florencji - Statystyki

Ogólne statystyki
  • Ten quiz został rozwiązany 6 razy
  • Średni wynik to 10 z 20
Statystyki odpowiedzi
Pytanie Odpowiedź % Poprawnych
Jaki artysta i wynalazca urodził się w pobliskim miasteczku Vinci w 1452 roku? Leonardo
100%
Który artysta, malarz Kaplicy Sykstyńskiej, urodził się w pobliskiej osadzie Caprese w 1475 roku? Michał Anioł
100%
Jakie odrodzenie kulturowe rozpoczęło się we Florencji około 1300 r. n.e.? Renesans
100%
Jaką słynną rzeźbę powyższego artysty można dziś zobaczyć w Galleria dell'Accademia? Dawid
83%
Jakiego regionu jest stolicą Florencja? Toskania
83%
Jak brzmi włoska nazwa miasta Florencja? Firenze
67%
Który słynny obraz Sandro Botticellego przedstawia kobietę stojącą na muszli? Narodziny {Wenus}
67%
Jakie pobliskie miasto-państwo, miejsce urodzenia Galileusza, podbiła Florencja w 1406 roku? Piza
67%
Kto napisał „Boską komedię”? Dante Alighieri
50%
Jaka grupa ludzi żyła na terenie dzisiejszej Florencji przed przybyciem Rzymian? Etruskowie
50%
Mieszkaniec Rzymu to Rzymianin. Jak nazywa się mieszkaniec Florencji? Florentyńczyk
50%
Kto założył miasto Florencję w 59 r. p.n.e. jako obóz wojskowy? Juliusz Cezar
50%
Która w języku włoskim, jest znana pod nazwą ... Toscana
50%
Która rodzina sprawowała władzę we Florencji przez większą część XV wieku i później wydała na świat czterech papieży i królową Francji? Medyceusze
33%
Kto napisał „Księcia”, książkę doradzającą władcom, jak utrzymać władzę? Niccolò Machiavelli
33%
Nad jaką rzeką leży Florencja? Arno
17%
Jaki jest najsłynniejszy most na tej rzece? (Podpowiedź: jego nazwa oznacza „Stary Most”) Ponte {Vecchio}
17%
Jaka branża pierwotnie przyniosła tej rodzinie sławę? Bankowa
0%
Jaka słynna odmiana wina, której butelki często znajdują się w słomianych koszach, pochodzi z regionu położonego na południe od Florencji? Chianti
0%
Które słynne muzeum sztuki ma nazwę oznaczającą po włosku „biura”? Galeria {Uffizi}
0%
Nie znaleziono quizów pasujących do podanych kryteriów
Rozkład punktacji
Procent ludzi z każdym wynikiem
Percentyl według liczby udzielonych odpowiedzi
Twoja historia wyników
Nie rozwiązałeś tego quizu